| 000 | 04124nam a2200361 i 4500 | ||
|---|---|---|---|
| 003 | CSPC | ||
| 005 | 20260319111212.0 | ||
| 008 | 260318s2024 maua 001 0 eng d | ||
| 020 | _a9781284280272 | ||
| 040 |
_aCSPC _beng _cCSPC _erda |
||
| 050 | 0 | 0 |
_aRC952.5 _b.G433 2024 |
| 082 | 0 | 4 |
_223 _a618.97 _bG315 |
| 245 | 0 | 0 |
_aGeriatric education for emergency medical services : _bcourse manual / _cNational Association of Emergency Medical Technicians. |
| 250 | _aThird edition. | ||
| 264 | 1 |
_aBurlington, Massachusetts : _bJones & Bartlett Learning, _c2024. |
|
| 300 |
_aix, 200 pages : _billustrations ; _c28 cm. |
||
| 336 |
_2rdacontent _atext _btxt |
||
| 337 |
_2rdamedia _aunmediated _bn |
||
| 338 |
_2rdacarrier _avolume _bnc |
||
| 500 | _aIncludes index. | ||
| 505 | 0 | _aChanges with age and assessment of the older patient -- Polypharmacy and toxicity in older patients -- Respiratory emergencies -- Cardiovascular emergencies -- Trauma -- Other medical disorders -- Neurologic emergencies -- Elder maltreatment and psychosocial emergencies -- End-of-life and palliative care -- Disaster triage and transporting older patients -- Left ventricular assist devices -- Skin disorders -- Ventilators -- Urinary catheter and colostomy bag care -- Implantable cardioverter defibrillators. | |
| 520 | _a"Each year in the United States, approximately 40 percent of all emergency medical services (EMS) calls are for geriatric patients experiencing acute medical disorders, trauma, or exacerbations of chronic disease, and future EMS calls for this population will sharply rise. In fact, the number of people 80 years of age and older globally is expected to triple by 2050. The National Association of Emergency Medical Technicians’ Geriatric Education for EMS Course Manual prepares prehospital practitioners to respond to, assess, and care for this fast-growing patient population. Geriatric Education for Emergency Medical Services, Third Edition is an engaging educational resource that practitioners can consult after the course to help them provide the best care for older adults in every community. A Comprehensive Approach to Geriatric Care The GEMS program helps EMS practitioners learn to conduct a comprehensive assessment of geriatric patients. Because the aging process affects all body systems, NAEMT’s course provides an overview of changes that occur as people age and describes how those changes can impact patient presentation. Completing a full assessment that integrates and responds to differences in geriatric pathophysiology is critical to recognizing and responding quickly and effectively to the critically ill or injured older adult. Additionally, incorporating the GEMS Diamond (Geriatric, Environmental, Medical, and Social assessments) can help practitioners formulate a holistic diagnostic and treatment approach. This new GEMS course manual includes chapters that address the following topics: - Changes with age and assessment of the older patient - Polypharmacy and Toxicity in Older Patients - Respiratory Emergencies - Cardiovascular Emergencies - Trauma - Other Medical Disorders - Neurologic Emergencies - Elder Maltreatment and Psychosocial Emergencies - End-of-Life and Palliative Care - Disaster Triage and Transporting Older Patients - Left Ventricular Assist Devices - Skin Disorders - Ventilators - Urinary Catheter and Colostomy Bag Care - Implantable Cardioverter Defibrillators This print course manual comes with an access code for the course manual’s eBook. The GEMS Course Manual, Third Edition is required for NAEMT's GEMS, Third Edition course"-- Amazon.com. | ||
| 650 | 0 | _aEmergency medical services. | |
| 650 | 0 |
_aOlder people _xDiseases. |
|
| 650 | 0 | _aFalls (Accidents) in old age. | |
| 650 | 0 | _aMedical emergencies. | |
| 650 | 0 | _aOlder people. | |
| 650 | 2 | _aEmergency Medical Services. | |
| 650 | 2 | _aEmergencies. | |
| 710 | 2 | _aNational Association of Emergency Medical Technicians. | |
| 942 |
_2ddc _n0 _cBK _e23 _h618.97 _iG315 _kGRD _m2024 |
||
| 999 |
_c32085 _d32085 |
||